000 00822nas a2200277 4500
001 BR8806905
003 BR-BrBNA
005 20231205091351.0
007 ta
008 230509b bl.|||p| |||| 00| 00por d
040 _aBR-BrBNA
_bpor
_cBiblioteca Nacional de Agricultura
041 _a(En)
072 _aL53
100 1 _aGarcia, J.M.
100 1 _aOkuda, H.T.
100 1 _aPinheiro, L.E.L.
245 1 _aBody development and semen physical and morphological characteristics of young guzera bulls
650 _aGADO DE CORTE
650 _aGADO GUZERA
650 _aSEMEN
650 _aMATURIDADE SEXUAL
650 _aFERTILIDADE ANIMAL
773 0 _tARS Veterinaria (Brazil)
_xISSN 0102-6380
_g(Jun 1987), v. 3(1) p. 47-53
_wBR8806905
909 _a202311
_bLúcia
_c55
_dLúcia Elande
942 _2AGRIS
_n0
_cANA
999 _c124620
_d124620